| Tag |
First Indicator |
Second Indicator |
Subfields |
| LEADER |
00000cam a22000001a 4500 |
| 001 |
in00003255085 |
| 006 |
m d f |
| 007 |
cr bn mmmapmmp |
| 008 |
091024s1996 dcua ob f000 0 eng d |
| 005 |
20260504203034.0 |
| 035 |
|
|
|a cis2007465927
|
| 040 |
|
|
|a UMI
|c UMI
|d UtOrBLW
|
| 043 |
|
|
|a n-us---
|
| 074 |
|
|
|a 1013-A
|
| 074 |
|
|
|a 1013-B (MF)
|
| 086 |
0 |
|
|a Y 4.B 22/1:104-37
|
| 088 |
|
|
|a Serial no. 104-37 (United States. Congress. House. Committee on Banking and Financial Services)
|
| 099 |
|
|
|a HRG-1995-BFS-0044
|
| 110 |
1 |
|
|a United States.
|b Congress.
|b House.
|b Committee on Banking and Financial Services.
|b Subcommittee on Housing and Community Opportunity.
|
| 245 |
1 |
0 |
|a H.R. 2406, the United States Housing Act of 1995 :
|b hearing before the Subcommittee on Housing and Community Opportunity of the Committee on Banking and Financial Services, House of Representatives, One Hundred Fourth Congress, first session, October 13, 1995.
|
| 246 |
3 |
|
|a HR 2406, the United States Housing Act of 1995
|
| 264 |
|
1 |
|a Washington :
|b U.S. G.P.O. :
|c 1996.
|
| 264 |
|
2 |
|a Washington :
|b For sale by the U.S. G.P.O., Supt. of Docs., Congressional Sales Office,
|
| 300 |
|
|
|a 1 online resource.
|
| 336 |
|
|
|a text
|b txt
|2 rdacontent
|
| 337 |
|
|
|a computer
|b c
|2 rdamedia
|
| 338 |
|
|
|a online resource
|b cr
|2 rdacarrier
|
| 500 |
|
|
|a Record is based on bibliographic data in ProQuest Congressional Hearings Digital Collection. Reuse except for individual research requires license from ProQuest, LLC.
|
| 504 |
|
|
|a Includes bibliographical references.
|
| 538 |
|
|
|a System requirements: PDF reader software.
|
| 500 |
|
|
|a Electronic resource.
|
| 610 |
2 |
0 |
|a United States Housing Authority.
|
| 650 |
|
0 |
|a Public housing
|x Law and legislation
|z United States.
|
| 650 |
|
0 |
|a Public housing
|x Finance
|x Law and legislation
|z United States.
|
| 655 |
|
7 |
|a Electronic books.
|2 local
|
| 710 |
2 |
|
|a ProQuest (Firm)
|
| 776 |
0 |
8 |
|i Print version:
|a United States. Congress. House. Committee on Banking and Financial Services. Subcommittee on Housing and Community Opportunity.
|t H.R. 2406, the United States Housing Act of 1995
|w gp 96079433
|w (OCoLC)35598248
|
| 776 |
0 |
8 |
|i Microfiche version:
|a United States. Congress. House. Committee on Banking and Financial Services. Subcommittee on Housing and Community Opportunity.
|t H.R. 2406, the United States Housing Act of 1995 .
|d [Bethesda, Md.] : ProQuest,[2004]
|o CIS 96 H241-38
|w (ProQuest)cis09600121
|
| 830 |
|
0 |
|a U.S. Congressional Hearings.
|
| 856 |
4 |
0 |
|u http://proxy.library.tamu.edu/login?url=https://congressional.proquest.com/congcomp/getdoc?HEARING-ID=HRG-1995-BFS-0044
|z Connect to the full text of this electronic book
|t 0
|
| 998 |
|
|
|a cis09600121
|
| 999 |
|
|
|a MARS
|
| 999 |
f |
f |
|s 2f2de3cf-05fb-3e79-8bd7-ddcf8c52bcb6
|i 4814466a-91ce-3db5-b00a-b521db933cbb
|t 0
|
| 952 |
f |
f |
|a Texas A&M University
|b College Station
|c Electronic Resources
|s www_evans
|d Available Online
|t 0
|e HRG-1995-BFS-0044
|h Other scheme
|
| 998 |
f |
f |
|a HRG-1995-BFS-0044
|t 0
|l Available Online
|